| 000 | 00406nam a2200157Ia 4500 | ||
|---|---|---|---|
| 008 | 151213s9999 xx 000 0 und d | ||
| 100 | _aM.H. Abrams | ||
| 245 |
_aThe Norton anthology English Literature _cM.H. Abrams |
||
| 250 | _a7th | ||
| 260 |
_aNew York _bNorton & Company _c2000 |
||
| 300 | _a1690 p. | ||
| 650 | _aReference | ||
| 650 | _aReference English | ||
| 700 | _aM.H. Abrams | ||
| 999 |
_c1255 _d1255 |
||